Honorverse books Quiz Stats

 Plays Quiz not verified by Sporcle

Score 0/21 Timer 04:00
0 Plays Today
Date Book % Correct
Apr. 1992On Basilisk Station
100%
Jun. 1993The Honor of the Queen
97.2%
Apr. 1994The Short Victorious War
97.2%
Sep. 1995Flag in Exile
97.2%
Oct. 2002War of Honor
97.2%
Jul. 1997In Enemy Hands
91.7%
Oct. 1998Echoes of Honor
91.7%
Oct. 2004The Shadow of Saganami
91.7%
Oct. 1994Field of Dishonor
88.9%
Feb. 1996Honor Among Enemies
88.9%
Mar. 2000Ashes of Victory
88.9%
Date Book % Correct
Nov. 2005At All Costs
83.3%
Feb. 1999Worlds of Honor
83.3%
Mar. 2001Changer of Worlds
77.8%
Sep. 2003Crown of Slaves
77.8%
Jun. 1998More than Honor
75%
Apr. 2003The Service of the Sword
75%
Mar. 2009Storm from the Shadows
72.2%
Jun. 2010Mission of Honor
69.4%
Nov. 2009Torch of Freedom
69.4%
Feb. 2011In Fire Forged
52.8%

You're not logged in!

Compare scores with friends on all Sporcle quizzes.
OR
Log In

Show Comments

Extras

Created Nov 23, 2010SourceReportNominate
Tags:Book Quiz, date

Top Quizzes Today


Score Distribution

Your Account Isn't Verified!

In order to create a playlist on Sporcle, you need to verify the email address you used during registration. Go to your Sporcle Settings to finish the process.

Report this User

Report this user for behavior that violates our Community Guidelines.

Details: